Call centrum a internet - moderné marketingové nástroje v poisťovníctve

Na minha lista:
Detalhes bibliográficos
Autor principal: Kafková, Eva
Outros Autores: Lieskovská, Vanda, 1961-
Formato: Capítulo de Livro
Idioma:eslovaco
Tags: Adicionar Tag
Sem tags, seja o primeiro a adicionar uma tag!

MARC

LEADER 00000naa$a2200000$$$4500
001 0094814
005 20240502072045.1
041 0 |a slo 
044 |a SK 
245 1 0 |a Call centrum a internet - moderné marketingové nástroje v poisťovníctve  |c Eva Kafková, Vanda Lieskovská 
100 1 |a Kafková, Eva 
700 1 |a Lieskovská, Vanda, 1961-